000
00340nam a2200145Ia 4500
005
20250603145529.0
008
250603s9999 xx 000 0 und d
020
_a
9788074650284
050
_a
JC 73 .D36/
100
_a
Danes, Jaroslav
245
0
_a
Political aspects of Greek tragedy
260
_c
2012
300
_a
166 p
942
_c
BK
999
_c
42130
_d
42130